000 00690nam a2200205Ii 4500
001 15341
003 CO-ViMGA
008 241108s9999||||xx |||||||||||||| ||und||
040 _aCO-ViMGA
_bspa
_erda
_cCO-ViMGA
041 0 _aspa
082 0 4 _aCo860.4 P11i
100 1 _aJuan Pabón Hernández
_949244
245 1 0 _aInsistencia en la tristeza (Antología crítica de la obra literaria de Jorge Gaitán Durán
264 1 _aBogotá, Colombia : La Opinión, [Fecha de publicación no identificada]
300 _avolumen
336 _atext
_btxt
_2rdacontent
337 _aunmediated
_bn
_2rdamedia
338 _avolume
_bnc
_2rdacarrier
940 _aidficha_siabuc: 15026. -- ficha_no_siabuc:15341
999 _c43887
_d43887